| 000 | 00666nam a22002057a 4500 | ||
|---|---|---|---|
| 005 | 20150124131730.0 | ||
| 008 | 140923t mx||||| |||| 00| 0 esp d | ||
| 020 | _a9688593451 | ||
| 050 | 0 | 4 |
_aBL 65 .,A4 _bP53 1999 |
| 100 | 1 | _aPlazaola Artola, Juan S.J. | |
| 245 | 1 | 0 |
_aEstética y vida cristiana / _cJuan Plazaola Artola, S. J. |
| 250 | _aPrimera edición: 1999 | ||
| 260 |
_aMéxico : _bIteso, _c1999. |
||
| 300 |
_a45 paginas, _c21 X 14 centímetros, |
||
| 490 |
_aCuaderno de fé y cultura, _vNúmero: 8 |
||
| 500 | _aUniversidad Iberoamericana | ||
| 650 | 7 |
_2Lemb _aFilosofía _xEstética |
|
| 650 | 7 |
_2Lemb _aFilosofía _xReligión |
|
| 942 |
_2ddc _cLIB |
||
| 999 |
_c81066 _d81066 |
||